|
|
|
|
| LEADER |
00000nam0a2200000 4500 |
| 001 |
371608 |
| 005 |
20231102012409.0 |
| 035 |
|
|
|a (RuTPU)RU\TPU\retro\29018
|
| 035 |
|
|
|a RU\TPU\retro\14031
|
| 090 |
|
|
|a 371608
|
| 100 |
|
|
|a 20221031d1978 k y0rusy50 ca
|
| 101 |
0 |
|
|a rus
|
| 102 |
|
|
|a RU
|
| 105 |
|
|
|a a z 001zy
|
| 200 |
1 |
|
|a Переработка шлаков в строительные материалы и изделия
|e сборник научных трудов
|f Уральский научно-исследовательский и проектный институт строительных материалов ; под ред. Л. Д. Розовского ; гл. ред. И. Я. Чернявский
|
| 210 |
|
|
|a Челябинск
|c [Б. и.]
|d 1978
|
| 215 |
|
|
|a 142 с.
|c ил.
|
| 320 |
|
|
|a Библиогр. в конце статей
|
| 606 |
1 |
|
|a Шлаки
|x Применение в строительстве
|2 stltpush
|3 (RuTPU)RU\TPU\subj\19239
|9 44513
|
| 610 |
1 |
|
|a металлургические шлаки
|
| 610 |
1 |
|
|a переработка
|
| 610 |
1 |
|
|a строительные материалы
|
| 610 |
1 |
|
|a строительные изделия
|
| 610 |
1 |
|
|a стеклокристаллические материалы
|
| 610 |
1 |
|
|a керамика
|
| 610 |
1 |
|
|a шлаковое литье
|
| 610 |
1 |
|
|a шлаковая пемза
|
| 610 |
1 |
|
|a минераловатные изделия
|
| 610 |
1 |
|
|a высокоглиноземистые шлаки
|
| 610 |
1 |
|
|a цементы
|
| 610 |
1 |
|
|a бетоны
|
| 610 |
1 |
|
|a шлаковые заполнители
|
| 675 |
|
|
|a 691.33
|v 4
|
| 702 |
|
1 |
|a Розовский
|b Л. Д.
|4 340
|
| 702 |
|
1 |
|a Чернявский
|b И. Я.
|4 651
|
| 712 |
0 |
2 |
|a Уральский научно-исследовательский и проектный институт строительных материалов
|c (Челябинск)
|c (1965-2004)
|2 stltpush
|3 (RuTPU)RU\TPU\col\8027
|9 24454
|
| 801 |
|
1 |
|a RU
|b 63413507
|c 20200723
|
| 801 |
|
2 |
|a RU
|b 63413507
|c 20221031
|g RCR
|
| 942 |
|
|
|c BK
|